UBT Library

Color Textbook of Histology (Record no. 57777)

000 -LEADER
fixed length control field 00335nam a22001457a 4500
008 - FIXED-LENGTH DATA ELEMENTS--GENERAL INFORMATION
fixed length control field 210528b ||||| |||| 00| 0 eng d
020 ## - INTERNATIONAL STANDARD BOOK NUMBER
International Standard Book Number 9780721688060
041 ## - LANGUAGE CODE
Language code of text/sound track or separate title eng
080 ## - UNIVERSAL DECIMAL CLASSIFICATION NUMBER
Edition identifier 2nd
Universal Decimal Classification number 611.085
082 ## - DEWEY DECIMAL CLASSIFICATION NUMBER
Classification number 611.085
100 ## - Rafti
Rafti 9
101 ## - Shkurtesa
Shkurtesa HIS
245 ## - TITLE STATEMENT
Title Color Textbook of Histology
Statement of responsibility, etc Leslie P Gartner
942 ## - ADDED ENTRY ELEMENTS (KOHA)
Source of classification or shelving scheme
Item type Books
Holdings
Withdrawn status Lost status Source of classification or shelving scheme Damaged status Not for loan Collection code Permanent location Current location Shelving location Date acquired Total Checkouts Full call number Barcode Date last seen Price effective from Koha item type
          Koleksioni i përgjithshem UBT - Lipjan UBT - Lipjan Koleksioni i përgjithshem 05/28/2021   611.085 GAR 002-7003147 05/28/2021 05/28/2021 Books
UBT Library © 2015-2024. All rights reserved University Education for Business and Technology